000 00886nam0a22002651 4500
001 rc\4676923
005 20130416204939.3
021 _aRU
_b[62-69297]
035 _a(NLR Aleph) 008705639
090 _a9326269
_c9326269
100 _a20130416d1962 |||y0rusy50 ca
101 0 _arus
102 _aRU
105 _aa z |||||
200 1 _aКукуруза в Мордовии - зернофуражная культура
210 _aСаранск
_cМордов. кн. изд-во
_d1962
215 _a60 с.
_cил.
_d20
225 1 _aРешения XXII съезда КПСС - в жизнь!
606 _aКукуруза
_xВозделывание
_yМордовская АССР
_2psbo
700 1 _aПолежаев
_bЯ. А.
_gЯков Антонович
801 0 _aRU
_bNLR
_gpsbo
801 1 _aRU
_bELAR
_2rusmarc
852 _aNLR
_j62-4/15446
942 _cBOOK
980 _aNB